Sự vận động phong cách nghệ thuật thơ Tố Hữu
Các khuynh hướng vận động trong phong cách nghệ thuật thơ Tố Hữu
שמור ב:
| מחבר ראשי: | |
|---|---|
| מחברים אחרים: | |
| פורמט: | ספר |
| שפה: | Vietnamese |
| יצא לאור: |
Đại học Đà Nẵng
Trường Đại học Sư Phạm
2011
|
| סדרה: | Khóa luận tốt nghiệp Đại học. Chuyên ngành: Sư phạm ngữ văn
|
| נושאים: | |
| תגים: |
הוספת תג
אין תגיות, היה/י הראשונ/ה לתייג את הרשומה!
|
| Thư viện lưu trữ: | Mạng thư viện Đại học Đà Nẵng |
|---|
| LEADER | 01440nam a2200373 4500 | ||
|---|---|---|---|
| 001 | 000011150 | ||
| 003 | 7382 | ||
| 005 | 20120202100205.0 | ||
| 008 | 120202s2011 viesd | ||
| 041 | |a vie | ||
| 072 | |a Khóa luận tốt nghiệp | ||
| 082 | |a 895.9221 |b NG-C | ||
| 100 | |a Nguyễn, Thị Cẩm | ||
| 245 | |a Sự vận động phong cách nghệ thuật thơ Tố Hữu |c Nguyễn Thị Cẩm | ||
| 260 | |a Đại học Đà Nẵng |b Trường Đại học Sư Phạm |c 2011 | ||
| 300 | |a 69 tr. |b Ảnh minh họa |c 29 cm | ||
| 490 | |a Khóa luận tốt nghiệp Đại học. Chuyên ngành: Sư phạm ngữ văn | ||
| 500 | |a Tham khảo trang 69 | ||
| 520 | |a Các khuynh hướng vận động trong phong cách nghệ thuật thơ Tố Hữu | ||
| 653 | |a Thơ | ||
| 653 | |a Tố Hữu | ||
| 653 | |a Khóa luận tốt nghiệp Đại học | ||
| 653 | |a Khoa Ngữ văn | ||
| 700 | |a Nguyễn Khắc Sính |c TS |e Hướng dẫn | ||
| OWN | |a LSP | ||
| AVA | |a UDN50 |b LSP |d 895.9221 NG-C |e available |t Error 5001 Not defined in file expand_doc_bib_avail. |f 1 |g 0 |h N |i 0 |k 1 | ||
| 999 | |a From the UDN01 | ||
| AVA | |a UDN50 |b LSP |d 895.9221 NG-C |e available |t Error 5001 Not defined in file expand_doc_bib_avail. |f 1 |g 0 |h N |i 0 |k 1 | ||
| TYP | |a Monograph | ||
| TYP | |a Printed language | ||
| 980 | |a Mạng thư viện Đại học Đà Nẵng | ||